[Event "Serpukhov Lushki-B"]
[Site "Serpukhov"]
[Date "2004.11.29"]
[Round "15"]
[White "Kleiman, Boris Moiseevich"]
[Black "Simantsev, Mikhail"]
[Result "0-1"]
[WhiteElo "2316"]
[BlackElo "2402"]
[PlyCount "90"]
[EventDate "2004.11.19"]
[EventType "tourn"]
[EventRounds "17"]
[EventCountry "RUS"]
[EventCategory "1"]
[SourceTitle "CBM 103 Extra"]
[Source "ChessBase"]
[SourceDate "2005.01.01"]
[SourceVersion "1"]
[SourceVersionDate "2005.01.01"]
[SourceQuality "1"]

1. e4 c5 2. Nf3 e6 3. d4 cxd4 4. Nxd4 a6 5. Nc3 b5 6. Bd3 Qb6 7. Nb3 Qc7 8. 0-0 Nf6 9. Qe2 d6 10. f4 Nbd7 11. Bd2 Be7 12. Rae1 b4 13. Nd1 0-0 14. Kh1 a5 15. e5 Nd5 16. Nf2 Bb7 17. Ng4 a4 18. Nd4 Nc5 19. Nb5 Qb6 20. Nxd6 Bxd6 21. exd6 Nxd3 22. cxd3 Qxd6 23. f5 exf5 24. Rxf5 f6 25. Rff1 Rac8 26. Rc1 Rfe8 27. Qf3 Rxc1 28. Rxc1 Ba8 29. Qf2 h5 30. Ne3 Nxe3 31. Bxe3 Qxd3 32. Re1 Bd5 33. Qd2 Qe4 34. a3 Rc8 35. Rg1 Rc2 36. Qd4 bxa3 37. bxa3 Qxd4 38. Bxd4 h4 39. h3 Rd2 40. Bc5 g5 41. Bb4 Rc2 42. Kh2 Kf7 43. Bd6 Kg6 44. Bb4 f5 45. Kh1 f4 0-1

[Event "Serpukhov Lushki-B"]
[Site "Serpukhov"]
[Date "2004.11.28"]
[Round "13"]
[White "Kleiman, Boris Moiseevich"]
[Black "Halyavskiy, Nikita"]
[Result "0-1"]
[WhiteElo "2316"]
[BlackElo "2300"]
[PlyCount "60"]
[EventDate "2004.11.19"]
[EventType "tourn"]
[EventRounds "17"]
[EventCountry "RUS"]
[EventCategory "1"]
[SourceTitle "CBM 103 Extra"]
[Source "ChessBase"]
[SourceDate "2005.01.01"]
[SourceVersion "1"]
[SourceVersionDate "2005.01.01"]
[SourceQuality "1"]

1. e4 c5 2. Nf3 d6 3. Bc4 Nc6 4. d3 e6 5. c3 Nf6 6. Bb3 Be7 7. 0-0 0-0 8. Re1 b6 9. Nbd2 Bb7 10. Nf1 Re8 11. Ng3 Nd7 12. d4 Nf8 13. d5 Na5 14. Bc2 b5 15. Rb1 Nc4 16. b3 Nb6 17. dxe6 Nxe6 18. Nf5 d5 19. Nxe7+ Qxe7 20. exd5 Nxd5 21. Qd3 g6 22. Ng5 Nef4 23. Rxe7 Nxd3 24. Rxe8+ Rxe8 25. Be3 Nxe3 26. Bxd3 Nxg2 27. Bxb5 Re5 28. Nh3 Nh4 29. f4 Re3 30. Bf1 Rxc3 0-1